[Event "3rd Open"]
[Site "Malaga ESP"]
[Date "2000.02.29"]
[Round "5"]
[White "Mellado Trivino,J"]
[Black "Larios Crespo,M"]
[Result "1-0"]
[WhiteElo "2493"]
[BlackElo "2146"]

1.e4 c5 2.Nf3 d6 3.Bb5+ Nc6 4.O-O Bd7 5.Re1 Nf6 6.c3 a6 7.Bf1 Ne5 8.d4 Nxf3+
9.Qxf3 cxd4 10.cxd4 g6 11.Nc3 Bg7 12.e5 dxe5 13.dxe5 Bc6 14.exf6 Bxf3 15.fxg7 Rg8
16.gxf3 Qa5 17.Bf4 Qf5 18.Rad1 Rd8 19.Rxd8+ Kxd8 20.Rd1+ Ke8 21.Nd5 e6 22.Bh3 Qxd5
23.Rxd5 exd5 24.Be5 Ke7 25.Bd4 f6 26.Bc5+ Kf7 27.Bf8 f5 28.f4 b6 29.Kf1 h6
30.Ke2 Ke6 31.Kd3 g5 32.Kd4 gxf4 33.Bg2  1-0

[Event "Sufe Cup"]
[Site "Shanghai CHN"]
[Date "2000.03.04"]
[Round "2"]
[White "Peng Xiaomin"]
[Black "Wang Pin"]
[Result "1-0"]
[WhiteElo "2624"]
[BlackElo "2469"]

1.e4 c5 2.Nf3 d6 3.Bb5+ Bd7 4.Bxd7+ Qxd7 5.c4 Nc6 6.Nc3 Nf6 7.d4 cxd4 8.Nxd4 e6
9.O-O Be7 10.Be3 O-O 11.Qe2 a6 12.f3 Rfc8 13.Rac1 Nxd4 14.Bxd4 Rc6 15.b3 Qc7
16.a4 Qa5 17.Rfd1 Re8 18.Qd2 Qb4 19.Rb1 Nd7 20.Nd5 Qxd2 21.Nxe7+ Rxe7 22.Rxd2 f6
23.Rbd1 Nc5 24.Bxc5 dxc5 25.a5 Kf7 26.Kf2 h5 27.Rd8 g5 28.g3 Rcc7 29.Ke2 Kg6
30.R1d6 e5 31.h4 gxh4 32.gxh4 Rf7 33.Re8 Rfe7 34.Rxe7 Rxe7 35.Ke3 Kf7 36.Rd8 Rc7
37.f4 exf4+ 38.Kxf4 Kg6 39.Rd5 Rc6 40.e5 b6 41.Rd6  1-0

[Event "Oz.com qualifier blitz"]
[Site "Internet ICC"]
[Date "2000.03.05"]
[Round "1"]
[White "Speelman,J"]
[Black "Halldorsson,G"]
[Result "1-0"]
[WhiteElo "2604"]
[BlackElo "2275"]

1.e4 c5 2.Nf3 d6 3.Bb5+ Nd7 4.O-O a6 5.Bxd7+ Bxd7 6.d4 cxd4 7.Qxd4 e5 8.Qd3 h5
9.c4 Rc8 10.Nc3 Be7 11.Nd5 Nf6 12.Nxe7 Qxe7 13.Bg5 Qe6 14.b3 Nh7 15.Be3 Qg6
16.Kh1 Rc6 17.Rad1 Nf8 18.a4 Ne6 19.Nxe5 dxe5 20.Qxd7+ Kf8 21.Qxb7  1-0

[Event "Oz.com qualifier blitz"]
[Site "Internet ICC"]
[Date "2000.03.05"]
[Round "1"]
[White "Glek,I"]
[Black "Langer,M"]
[Result "1-0"]
[WhiteElo "2554"]
[BlackElo "2259"]

1.e4 c5 2.Nf3 d6 3.Bb5+ Nd7 4.d4 Nf6 5.Nc3 a6 6.Bxd7+ Nxd7 7.O-O e6 8.Bg5 Be7
9.Bxe7 Qxe7 10.dxc5 Nxc5 11.Qd4 O-O 12.Rad1 Rd8 13.b4 e5 14.Qe3 Ne6 15.Nd5 Qe8
16.Qb6 Qb5 17.Rc1 Qxb6 18.Nxb6 Rb8 19.Rfd1 Nf4 20.Rd2 Bg4 21.Rcd1 Bxf3 22.gxf3 Kf8
23.Rxd6 Ke7 24.Rd7+ Ke8 25.Kf1 Rbc8 26.Nxc8 Rxd7 27.Nd6+ Kf8 28.c4 Ne6 29.c5 Nd4
30.f4 Nc6 31.fxe5 Nxb4 32.a3 Nc6 33.f4 g6 34.Ke2 Nd8 35.Nxb7 Rxd1 36.Kxd1 Nxb7
37.c6  1-0

[Event "Oz.com qualifier blitz"]
[Site "Internet ICC"]
[Date "2000.03.05"]
[Round "2"]
[White "Zarnicki,P"]
[Black "Steigman,A"]
[Result "1/2-1/2"]
[WhiteElo "2498"]
[BlackElo "2213"]

1.e4 c5 2.Nf3 d6 3.Bb5+ Bd7 4.Bxd7+ Qxd7 5.c4 Nc6 6.O-O Nf6 7.Nc3 Nd4 8.d3 Nxf3+
9.Qxf3 g6 10.Be3 Qg4 11.d4 Qxf3 12.gxf3 b6 13.e5 dxe5 14.dxe5 Nd7 15.f4 Bg7
16.Nd5 Kf8 17.Rfd1 Rd8 18.Nc7 e6 19.Nb5 a6 20.Nc7 a5 21.f5 Bxe5 22.Bg5 Rc8
23.fxe6 fxe6 24.Rxd7 Rxc7 25.Rad1 Rxd7 26.Rxd7 h6 27.Bc1 Rg8 28.Rb7 g5 29.Rxb6 Rg6
30.Rb5 Bd4 31.Be3 Rf6 32.Rxa5 Ke7 33.b3 Kd7 34.Ra6 Rf3 35.Kg2 g4 36.Ra7+ Kc6
37.Rh7 Bxe3 38.fxe3 Rxe3 39.Rxh6 Kd6 40.Rh8 Re2+ 41.Kg3 Rxa2 42.Kxg4 Rb2
43.Rh3 Ke5 44.Re3+ Kd4 45.Rh3 Ke5 46.Rh5+ Kd4 47.h4 Rxb3 48.Rh8 e5 49.h5 Rb1
50.Kg3 e4 51.Kg2 Rb2+ 52.Kg3 Rb1 53.Kg2 Rb2+ 54.Kg3 Rb1 55.Kg2  1/2-1/2

[Event "Oz.com qualifier blitz"]
[Site "Internet ICC"]
[Date "2000.03.05"]
[Round "3"]
[White "Psakhis,L"]
[Black "Krasnov,A"]
[Result "1/2-1/2"]
[WhiteElo "2599"]
[BlackElo "2287"]

1.e4 c5 2.Nf3 d6 3.Bb5+ Nd7 4.d4 cxd4 5.Qxd4 a6 6.Bxd7+ Bxd7 7.Nc3 Nf6 8.Bg5 Qa5
9.O-O-O O-O-O 10.Qc4+ Qc5 11.Qxf7 Ng4 12.Rd2 Nxf2 13.Re1 Ng4 14.Nd5 Kb8 15.Rd3 Rc8
16.Rc3 Qa5 17.Rxc8+ Bxc8 18.Nc3 h6 19.Bd2 Ne5 20.Nxe5 Qxe5 21.Nd5 Qe6 22.Qe8 Qd7
23.Qf7 Qe6 24.Qf3 g5 25.Ba5 b5 26.Qe3 Bb7 27.Bc7+ Kc8 28.Qa7 Bxd5 29.Qb8+ Kd7
30.Qd8+ Kc6 31.exd5+ Qxd5 32.Ba5 Qc5 33.Rd1 Kb7 34.Qd7+ Kb8 35.Bc3 Rg8 36.Qe8+ Qc8
37.Qf7 Qc4 38.Qxc4 bxc4 39.Rd4 Bg7 40.Rxc4 Bxc3 41.Rxc3 Rf8 42.b4 Rf2 43.Rg3 Kc7
44.Kb2 Kc6 45.Kb3 Rf4 46.a4 d5 47.Rc3+ Kd6 48.Rc8 e5 49.Ra8 e4 50.Rxa6+ Ke5
51.Ra8 Kd4 52.c3+ Kd3 53.Rd8 Rf5 54.Re8 e3 55.a5 Rf1 56.a6 Rb1+ 57.Ka4 e2
58.b5 Kc4 59.Rc8+ Kd3 60.Re8 Kc4 61.Rc8+ Kd3 62.Re8 Kc4 63.Rc8+ Kd3 64.Re8  1/2-1/2

[Event "Oz.com qualifier blitz"]
[Site "Internet ICC"]
[Date "2000.03.05"]
[Round "3"]
[White "Montero,C"]
[Black "Zarnicki,P"]
[Result "0-1"]
[WhiteElo "2140"]
[BlackElo "2498"]

1.e4 c5 2.Nf3 d6 3.Bb5+ Nd7 4.a4 Nf6 5.d3 g6 6.Nbd2 Bg7 7.O-O O-O 8.Nc4 d5
9.exd5 Nxd5 10.Re1 N7f6 11.Nce5 e6 12.c3 a6 13.Bc4 b6 14.d4 Qc7 15.dxc5 Qxc5
16.Qe2 Bb7 17.Bg5 Qc7 18.Rad1 Nh5 19.Bxd5 exd5 20.Ng4 f6 21.Qe6+ Kh8 22.Bc1 Bc8
23.Qxd5 Bxg4 24.h3 Bxf3 25.Qxf3 f5 26.Re6 Rae8 27.Rc6 Qb7 28.Bg5 Nf6 29.Bxf6 Rxf6
30.Rxf6 Qxf3 31.gxf3 Bxf6 32.Rd6 Bd8 33.Kf1 Kg8 34.Rd7 a5 35.b4 axb4 36.cxb4 Be7
37.a5 bxa5 38.bxa5 Kf7 39.a6 Ra8 40.a7 Ke6 41.Rb7 h6 42.Rb6+ Bd6 43.Rb7 Bc5
44.Rc7 Bxa7 45.Rc6+ Kd5 46.Rxg6 Bd4 47.Rxh6 Ra2 48.Rh5 Ke5 49.Kg2 Bxf2 50.Rh7 Be1+
51.Kf1 Bg3 52.Rg7 Kf4 53.Rg8 Kxf3  0-1

[Event "Oz.com qualifier blitz"]
[Site "Internet ICC"]
[Date "2000.03.05"]
[Round "5"]
[White "Montero,C"]
[Black "Olsson,L"]
[Result "1-0"]
[WhiteElo "2140"]
[BlackElo "2105"]

1.e4 c5 2.Nf3 d6 3.Bb5+ Nd7 4.a4 Nf6 5.d3 a6 6.Bxd7+ Bxd7 7.a5 g6 8.Nbd2 Bg4
9.h3 Bxf3 10.Qxf3 Bg7 11.Nc4 O-O 12.O-O d5 13.Nb6 dxe4 14.dxe4 Rb8 15.Bf4 Qd4
16.Bxb8 Rxb8 17.c3 Qd2 18.Nc4 Qd7 19.Rfd1 Qc7 20.Rd3 Qc6 21.e5 Qxf3 22.Rxf3 Nd7
23.Re3 e6 24.Rd1 Nf8 25.f4 h6 26.g3 g5 27.Kf2 Ng6 28.Kf3 gxf4 29.gxf4 Nh4+
30.Ke4 Nf5 31.Red3 Kh7 32.Rd7 Kg6 33.Rg1+ Kh5 34.Rxf7 Bf8 35.Rg8 b5 36.axb6 Rd8
37.Rgxf8 Rd1 38.Rxf5+ exf5+ 39.Kxf5 Kh4 40.Rh8 h5 41.Ne3 Rg1 42.e6 Rg7 43.Kf6 Rb7
44.e7 Rxb6+ 45.Kf5 c4 46.e8=Q Rg6 47.Qxg6 a5 48.Rxh5+  1-0

[Event "Oz.com qualifier blitz"]
[Site "Internet ICC"]
[Date "2000.03.05"]
[Round "6"]
[White "Zarnicki,P"]
[Black "Tratar,M"]
[Result "1-0"]
[WhiteElo "2498"]
[BlackElo "2439"]

1.e4 c5 2.Nf3 d6 3.Bb5+ Bd7 4.Bxd7+ Qxd7 5.O-O Nc6 6.c3 Nf6 7.d4 e6 8.d5 Nd8
9.dxe6 Nxe6 10.Qe2 Be7 11.e5 Ng4 12.Rd1 d5 13.c4 d4 14.Nc3 f6 15.Nd5 O-O
16.Re1 Rae8 17.Bd2 Nxe5 18.Nxe5 fxe5 19.Qxe5 Bd6 20.Qh5 b6 21.Qg4 Qf7 22.f3 Nc7
23.Nxc7 Bxc7 24.b3 Rxe1+ 25.Rxe1 Re8 26.Re4 Be5 27.Qh4 Bf6 28.Qe1 Kf8 29.Bf4 Rxe4
30.Qxe4 Qe7 31.Bb8 Qxe4 32.fxe4 Bd8 33.Bxa7 Bc7 34.a4 Bxh2+ 35.Kf2 Bc7 36.a5 bxa5
37.Bxc5+ Kf7 38.Bxd4 h5 39.Kf3 g5 40.Bf2 g4+ 41.Ke2 Ke6 42.Bh4 Bb6 43.Kd3 Ke5
44.Bg3+ Ke6 45.Be1 Bd8 46.g3 Bb6 47.Bd2 Bc7 48.Bf4 Bb6 49.Kc3 Bf2 50.Kd3 Bb6
51.Be3 Bc7 52.Bf2 Ke5 53.c5 Ke6 54.Be1 Ke5 55.Bf2 Ke6 56.Kd4 Bd8 57.Be3 h4
58.gxh4 Bxh4 59.Kc4 Be1 60.Kd3 Bh4 61.Bf4 Be7 62.c6 Bc5 63.Bg3 Bb6 64.Kc4 Bd8
65.c7  1-0

[Event "Wah Seong IM"]
[Site "Penang MAS"]
[Date "2000.03.05"]
[Round "9"]
[White "Myo Naing"]
[Black "Mas,H"]
[Result "0-1"]
[WhiteElo "2545"]
[BlackElo "2413"]

1.e4 c5 2.Nf3 d6 3.Bb5+ Nd7 4.d4 cxd4 5.Qxd4 a6 6.Bxd7+ Bxd7 7.Nc3 Bc6 8.Bg5 h6
9.Bh4 Qc7 10.O-O-O Rc8 11.Rhe1 e5 12.Qd3 g5 13.Bg3 Nf6 14.Kb1 Be7 15.Nd2 b5
16.Nf1 b4 17.Nd5 Nxd5 18.exd5 Bb5 19.Qe4 Bxf1 20.Rxf1 O-O 21.Qf5 Rb8 22.h4 Qc8
23.Qxc8 Rfxc8 24.hxg5 hxg5 25.f3 Kg7 26.Bf2 Rb5 27.Rd3 Rh8 28.b3 f5 29.a4 Rb7
30.c4 bxc3 31.Rxc3 f4 32.Kc2 Kf6 33.Rc4 Rh2 34.Rg1 g4 35.fxg4 Kg5 36.b4 Kxg4
37.Kd3 Bh4 38.Bxh4 Rxh4 39.Rb1 Kf5 40.b5 axb5 41.axb5 Rg4 42.Rc6 e4+ 43.Kd4 Rxg2
44.Rxd6 Rd2+ 45.Kc5 Rc2+ 46.Kd4 e3 47.Rd8 Rd2+ 48.Kc5 e2 49.Rf8+ Kg4 50.Re1 Rc2+
51.Kd4 Kf3 52.Kd3 Ra2 53.d6 Rxb5 54.Kc4 Rb7 55.Kd5 Rd2+ 56.Kc6 Rbb2  0-1

[Event "FSIMB March"]
[Site "Budapest HUN"]
[Date "2000.03.06"]
[Round "1"]
[White "Gara,A"]
[Black "Rajlich,V"]
[Result "1-0"]
[WhiteElo "2257"]
[BlackElo "2309"]

1.e4 c5 2.Nf3 d6 3.Bb5+ Nd7 4.O-O Nf6 5.d3 a6 6.Bxd7+ Nxd7 7.Ng5 g6 8.f4 Bg7
9.f5 Ne5 10.Nc3 O-O 11.Qe1 e6 12.Qh4 h6 13.f6 Bxf6 14.Qxh6 Bxg5 15.Bxg5 f6
16.Bf4 Qe8 17.Bxe5 dxe5 18.Na4 Ra7 19.Nb6 Qf7 20.Rf3 Qg7 21.Qe3 Qc7 22.Nxc8 Qxc8
23.Qh6 b5 24.Qxg6+ Rg7 25.Qh6 Qd8 26.Raf1 Qd4+ 27.Kh1 Qxb2 28.Rh3 Re8 29.Qxf6 Qxc2
30.Rg3 Rxg3 31.Qf7+ Kh8 32.Qxe8+ Rg8 33.Qh5+  1-0

[Event "FSIMB March"]
[Site "Budapest HUN"]
[Date "2000.03.10"]
[Round "5"]
[White "Sulskis,G"]
[Black "Parkanyi,A"]
[Result "1/2-1/2"]
[WhiteElo "2223"]
[BlackElo "2362"]

1.e4 c5 2.Nf3 d6 3.Bb5+ Bd7 4.Bxd7+ Qxd7 5.O-O Nc6 6.Re1 Nf6 7.c3 e6 8.d4 cxd4
9.cxd4 d5 10.e5 Ne4 11.Nbd2 Nxd2 12.Bxd2 Be7 13.h4 h6 14.h5 Rc8 15.Re3 O-O
16.a3 f5 17.exf6 Bxf6 18.Bc3 Qf7 19.Qe2 Qxh5 20.Rxe6 Qf5 21.Re1 g5 22.Nh2 Bg7
23.Qe3 Kh7 24.Nf1 Qf4 25.Qxf4 Rxf4 26.Rd6 Rcf8 27.f3 g4 28.fxg4 Nxd4 29.Ne3 Re8
30.Rxd5 Re7 31.Nf5 Nxf5 32.Rxf5 Rxe1+ 33.Bxe1 Rxf5 34.gxf5 Bxb2 35.a4 Kg7
36.g4 Kf6 37.Kg2 h5 38.Kf3 hxg4+ 39.Kxg4 Bd4 40.Kf4 a6 41.Ke4 Bb2 42.Bh4+ Kf7
43.Kd5 b5 44.axb5 axb5 45.Kc5 Bf6 46.Bxf6 Kxf6 47.Kxb5 Kxf5  1/2-1/2

[Event "Ciocaltea Mem"]
[Site "Bucharest ROM"]
[Date "2000.03.13"]
[Round "1"]
[White "Miljanic,B"]
[Black "Vajda,L"]
[Result "1/2-1/2"]
[WhiteElo "2429"]
[BlackElo "2459"]

1.e4 c5 2.Nf3 d6 3.Bb5+ Bd7 4.Bxd7+ Qxd7 5.c4 Nf6 6.Nc3 e6 7.d4 cxd4 8.Nxd4 Be7
9.O-O O-O 10.Be3 Nc6 11.Qe2 Rfc8 12.Rfd1 Nxd4 13.Bxd4 Qc6 14.b3 e5 15.Be3 Nxe4
16.Nd5 Bd8 17.Bxa7 Rxa7 18.Qxe4 b5 19.cxb5 Qxb5 20.a4 Qd7 21.Ne3 Bb6 22.Nf5 g6
23.Nxd6 Rd8 24.Qf3 Bd4 25.Ne4 Qe7 26.Rac1 f5 27.Nc5 Kg7 28.b4 Bxc5 29.bxc5 Rxa4
30.c6 Rad4 31.Rxd4 exd4 32.h3 Qc7 33.Qd3 Rd6 34.Rc4 Kf7 35.Rxd4 Rxd4 36.Qxd4  1/2-1/2

[Event "FSIMC March"]
[Site "Budapest HUN"]
[Date "2000.03.13"]
[Round "8"]
[White "Ackermann,HW"]
[Black "Balogh,C"]
[Result "1/2-1/2"]
[WhiteElo "2314"]
[BlackElo "2356"]

1.e4 c5 2.Nf3 d6 3.Bb5+ Nd7 4.d4 Nf6 5.Nc3 cxd4 6.Qxd4 a6 7.Bxd7+ Bxd7 8.e5 dxe5
9.Qxe5 Bc6 10.Qe2 e6 11.O-O Bd6 12.Ne5 Qc7 13.Nxc6 Qxc6 14.Bg5 O-O 15.Bxf6 gxf6
16.Rad1 Kh8 17.Ne4 Be7 18.Rd4 Rad8 19.Rc4 Qb5 20.b3 Rd7 21.Qe3 Rfd8 22.g3 Qh5
23.Kg2 b5 24.Rc3 f5 25.Nc5 f4 26.Qf3 Qxf3+ 27.Kxf3 Rc7 28.Ne4 Rxc3+ 29.Nxc3 Rc8
30.Ne2 fxg3 31.hxg3 Rxc2 32.Rd1 Bb4 33.Rd7 Kg8 34.Nf4 Rxa2 35.Nd3 Bf8 36.Ne5 f6
37.Nc6 Bc5 38.b4 Rxf2+ 39.Kg4 Bf8 40.Ra7 Rc2 41.Nd8 Re2 42.Rxa6 Bxb4 43.Nxe6 Kf7
44.Nf4 Re5 45.Rb6 Be7 46.Rb7 Rc5 47.Kf3 Re5 48.Nd3 Rg5 49.Nf4 h5 50.Ke4 Ke8
51.Nd5 Bd8 52.Rxb5 Rxg3 53.Nf4 h4 54.Rh5 Be7 55.Kf5 Rg5+ 56.Rxg5 fxg5 57.Nh3  1/2-1/2

[Event "Sufe Cup"]
[Site "Shanghai CHN"]
[Date "2000.03.15"]
[Round "13"]
[White "Zhang Zhong"]
[Black "Wang Lei"]
[Result "1/2-1/2"]
[WhiteElo "2611"]
[BlackElo "2495"]

1.e4 c5 2.Nf3 d6 3.Bb5+ Nc6 4.O-O Bd7 5.c3 Nf6 6.Re1 a6 7.Ba4 b5 8.Bc2 e5
9.h3 Be7 10.d3 O-O 11.Nbd2 Qc7 12.Nf1 d5 13.exd5 Nxd5 14.Ng5 h6 15.Ne4 f5
16.Neg3 Kh8 17.Qf3 Be6 18.a4 Rad8 19.axb5 axb5 20.Nh2 Bd6 21.Bb3 Nce7 22.Bc2  1/2-1/2

[Event "Dos Hermanas Qualifier"]
[Site "Internet ICC"]
[Date "2000.03.18"]
[Round "1.1"]
[White "Zarnicki,P"]
[Black "Soppe,G"]
[Result "1-0"]
[WhiteElo "2498"]
[BlackElo "2466"]

1.e4 c5 2.Nf3 d6 3.Bb5+ Bd7 4.Bxd7+ Qxd7 5.c4 Nc6 6.d4 cxd4 7.Nxd4 Nf6 8.Nc3 Qg4
9.Qxg4 Nxg4 10.Nde2 g6 11.f3 Nge5 12.b3 Nd3+ 13.Kd2 Bh6+ 14.Kc2 Ncb4+ 15.Kb1 Nxc1
16.Nxc1 Bg7 17.N1e2 a6 18.a3 Nc6 19.Kc2 e6 20.Rad1 Ke7 21.f4 Rab8 22.b4 Rhc8
23.Kb3 Rc7 24.Rd3 Rbc8 25.Na4 b5 26.cxb5 axb5 27.Nac3 Nd4+ 28.Nxd4  1-0

[Event "Extraliga CZE"]
[Site "Ostrava CZE"]
[Date "2000.03.18"]
[Round "10"]
[White "Chernyshov,K"]
[Black "Vokac,M"]
[Result "1/2-1/2"]
[WhiteElo "2483"]
[BlackElo "2494"]

1.e4 c5 2.Nf3 d6 3.Bb5+ Bd7 4.a4 Nf6 5.e5 dxe5 6.Nxe5 e6 7.Nc3 Be7 8.Qf3 Qc7
9.Nxd7 Nbxd7 10.Qg3 Qxg3 11.hxg3 O-O 12.a5 a6 13.Be2 Ne5 14.Na4 Nd5 15.b3 Nb4
16.Kd1 Rad8 17.Rh5 f5 18.Bb2 g6 19.Rh1 Ng4 20.Rf1 Bg5 21.d3 Nd5 22.Bf3 Be7
23.Nb6 Nxb6 24.Bxg4 fxg4 25.axb6 Rd6 26.Ra4 h5 27.f4 Rxb6 28.Re1 Rf5 29.Rae4 Kf7
30.Be5 Rc6 31.c4 g5 32.Kc2 gxf4 33.Bxf4 Bf6 34.R1e2 Bd4 35.b4 Bf6 36.bxc5 Rfxc5
37.Be3 Rf5 38.Kb3 Rf1 39.Bd4 Rd6 40.Bxf6 Kxf6 41.d4 Rb1+ 42.Kc3 Rdb6 43.Rf2+ Kg6
44.d5 exd5 45.cxd5 R6b3+ 46.Kd4 Rd1+ 47.Kc4 Rxg3 48.Re5 Rc1+ 49.Kb4 Rd3  1/2-1/2

[Event "Israeli League"]
[Site "Ramat Aviv ISR"]
[Date "2000.03.24"]
[Round "7"]
[White "Boim,I"]
[Black "Alterman,B"]
[Result "1-0"]
[WhiteElo "2424"]
[BlackElo "2561"]

1.e4 c5 2.Nf3 d6 3.Bb5+ Nc6 4.O-O Bd7 5.Re1 a6 6.Bf1 g6 7.c3 Bg7 8.d3 e5
9.Be3 Nge7 10.a4 O-O 11.Na3 Qc7 12.g3 f5 13.exf5 Nxf5 14.Ng5 Kh8 15.Bg2 h6
16.Ne4 b6 17.Qb3 Na5 18.Qa2 Rae8 19.b4 cxb4 20.cxb4 Be6 21.Qb2 Nb3 22.Rab1 Nbd4
23.Rbc1 Qd7 24.b5 d5 25.Nc3 a5 26.Bd2 Qf7 27.f4 exf4 28.Bxf4 Nh4 29.Rf1 g5
30.Bd6 Nhf3+ 31.Kh1 Qh5 32.Bxf3 Rxf3 33.Rfe1 Qf7 34.Kg2 Rxd3 35.Rf1 Qd7 36.Bc7 Bh3+  1-0

[Event "21st Open A"]
[Site "Bled SLO"]
[Date "2000.03.26"]
[Round "2"]
[White "Miroshnichenko,E"]
[Black "Novak,G"]
[Result "1-0"]
[WhiteElo "2465"]
[BlackElo "2094"]

1.e4 c5 2.Nf3 d6 3.Bb5+ Bd7 4.Bxd7+ Qxd7 5.c4 Nf6 6.Nc3 Nc6 7.d4 cxd4 8.Nxd4 Qg4
9.Qxg4 Nxg4 10.Nxc6 bxc6 11.Bf4 Ne5 12.Bxe5 dxe5 13.c5 e6 14.Na4 O-O-O 15.Rd1 Be7
16.Ke2 f5 17.Rxd8+ Rxd8 18.Rd1 Rf8 19.Rd3 Kc7 20.Rh3 h6 21.Rg3 g5 22.Rh3 Rf6
23.Re3 f4 24.Rc3 g4 25.b3 Rf8 26.Nb2 Rd8 27.Nd3 Bf6 28.Ne1 h5 29.Rd3 Rd4
30.f3 Kd7 31.Nc2 Rxd3 32.Kxd3 gxf3 33.gxf3 Bd8 34.Kc4 Ke7 35.Nb4 Kd7 36.Na6 Bh4
37.b4 Bg3 38.h3 Ke7 39.Nb8 Kf6 40.Nxc6 Kg5 41.Nxe5  1-0

[Event "ch-LTU"]
[Site "Vilnius LTU"]
[Date "2000.03.26"]
[Round "2"]
[White "Stasiunaite,L"]
[Black "Jatautis,D"]
[Result "1/2-1/2"]
[WhiteElo "2158"]
[BlackElo "2155"]

1.e4 c5 2.Nf3 d6 3.Bb5+ Bd7 4.Bxd7+ Qxd7 5.c4 Nc6 6.d4 cxd4 7.Nxd4 g6 8.Nc3 Bg7
9.Be3 Nf6 10.f3 O-O 11.O-O e6 12.Qd2 Rfd8 13.Rfd1 a6 14.Nde2 Qe7 15.Bb6 Rd7
16.Rac1 Rc8 17.b3 Ne5 18.Be3 Qd8 19.Na4 Rc6 20.Nd4 Rcc7 21.Nb6 Re7 22.Nc2 Nfd7
23.Qb4 a5 24.Qa3 Bf8 25.Nxd7 Rcxd7 26.Bg5 Qb6+ 27.Be3 Qa6 28.Bg5 Re8 29.Qb2 Bg7
30.Nd4 d5 31.f4 Nc6 32.e5 dxc4 33.Nxc6 Qxc6  1/2-1/2

[Event "ch-LTU"]
[Site "Vilnius LTU"]
[Date "2000.03.29"]
[Round "5"]
[White "Stasiunaite,L"]
[Black "Asauskas,H"]
[Result "0-1"]
[WhiteElo "2158"]
[BlackElo "2263"]

1.e4 c5 2.Nf3 d6 3.Bb5+ Bd7 4.Bxd7+ Qxd7 5.c4 Nc6 6.d4 cxd4 7.Nxd4 Nf6 8.Nc3 Qg4
9.O-O Qxd1 10.Rxd1 g6 11.Nde2 Bg7 12.f3 Rc8 13.Be3 Nd7 14.Rac1 f5 15.Nd4 Nxd4
16.Bxd4 Bxd4+ 17.Rxd4 Rf8 18.Re1 f4 19.Ne2 Ne5 20.Rc1 g5 21.Kf2 Rc6 22.c5 Rf6
23.cxd6 Rcxd6 24.Rcd1 Rxd4 25.Rxd4 e6 26.Nc3 a6 27.Rd6 Nd7 28.Rd4 Ke7 29.Rb4 b6
30.Ke2 Rf8 31.Rc4 Kd6 32.Rd4+ Kc6 33.Rc4+ Kb7 34.Rd4 Rf7 35.Rd6 Re7 36.Rd4 Ne5
37.Rd8 b5 38.Rg8 h6 39.Rd8 Rc7 40.a3 Nc4 41.Nd1 Kb6 42.Rd3 Rc6 43.Rc3 a5
44.g3 Rd6 45.gxf4 gxf4 46.Rc2 Rd8 47.Ke1 Rd3 48.a4 Rxf3 49.axb5 Kxb5 50.Rg2 Ne3
51.Ke2 Rh3 52.Nf2  0-1

[Event "21st Open A"]
[Site "Bled SLO"]
[Date "2000.03.30"]
[Round "6"]
[White "Miroshnichenko,E"]
[Black "Atalik,S"]
[Result "1/2-1/2"]
[WhiteElo "2465"]
[BlackElo "2575"]

1.e4 c5 2.Nf3 d6 3.Bb5+ Bd7 4.Bxd7+ Qxd7 5.c4 Nc6 6.Nc3 Nf6 7.d4 cxd4 8.Nxd4 g6
9.O-O Bg7 10.Nde2 O-O 11.f3 Rfd8 12.Bg5 h6 13.Be3 e6 14.Qd2 d5 15.cxd5 exd5
16.Bxh6  1/2-1/2

[Event "Chess@iceland rapidplay Group A"]
[Site "Kopavogur ISL"]
[Date "2000.04.01"]
[Round "5"]
[White "Olafsson,F"]
[Black "Olafsson,H"]
[Result "0-1"]
[WhiteElo "2460"]
[BlackElo "2491"]

1.e4 c5 2.Nf3 d6 3.Bb5+ Nc6 4.O-O Bd7 5.Re1 Nf6 6.c3 a6 7.Bf1 Bg4 8.h3 Bxf3
9.Qxf3 g6 10.Qd1 Bh6 11.Na3 O-O 12.b3 Rc8 13.Bb2 b5 14.Nc2 d5 15.e5 Ne8 16.d4 cxd4
17.cxd4 Qb6 18.a3 Nc7 19.Ne3 f5 20.exf6 exf6 21.Ng4 Bg7 22.Rc1 Rcd8 23.Re2 Rde8
24.Rxe8 Rxe8 25.Qf3 f5 26.Ne5 Nxe5 27.dxe5 Bxe5 28.Bxe5 Rxe5 29.Qg3 Re7 30.Bd3 Kf8
31.h4 Ne8 32.h5 Kf7 33.h6 Qd4 34.Rd1 Nf6 35.Be2 Qe5 36.Qxe5 Rxe5 37.Kf1 Ne4
38.Rd4 Ke7 39.a4 Kd6 40.axb5 axb5 41.b4 Kc6 42.Rd3 Re7 43.Ra3 Nd2+ 44.Ke1 Nc4
45.Ra6+ Nb6 46.Kd2 g5 47.Bd3 f4 48.Kc3 Re6 49.Ra5 Rxh6 50.Bxb5+ Kb7 51.Ba6+ Kb8
52.Kd4 Rh2 53.Kc5 Nc8 54.Bb5 Kc7 55.Ra8 Rxg2 56.Ba6 Ne7 57.Ra7+ Kd8 58.b5 Rxf2
59.b6 Rc2+ 60.Kd6 Nc8+ 61.Bxc8 Kxc8 62.Rxh7 f3 63.Kxd5 g4 64.Rf7 f2  0-1

[Event "FSGM April"]
[Site "Budapest HUN"]
[Date "2000.04.02"]
[Round "2"]
[White "Nguyen Anh Dung"]
[Black "Balogh,C"]
[Result "1-0"]
[WhiteElo "2496"]
[BlackElo "2356"]

1.e4 c5 2.Nf3 d6 3.Bb5+ Nd7 4.O-O a6 5.Bxd7+ Bxd7 6.d4 cxd4 7.Qxd4 Bg4 8.Nbd2 Nf6
9.h3 Bxf3 10.Nxf3 g6 11.Rd1 Bg7 12.e5 Nd7 13.Bf4 dxe5 14.Nxe5 Nxe5 15.Bxe5 Qxd4
16.Bxd4 Bxd4 17.Rxd4 Rc8 18.Rad1 O-O 19.Rd7 b5 20.c3 Rfe8 21.Kf1 Kf8 22.Ke2 Rc6
23.R1d4 Rec8 24.Rd8+ Rxd8 25.Rxd8+ Kg7 26.Kd3 h5 27.Rd4 Kf6 28.c4 bxc4+ 29.Rxc4 Rb6
30.b4 e5 31.Kc3 Ke6 32.Rc8 Kd5 33.a4 g5 34.Rc5+ Kd6 35.Kc4 Rb8 36.g4 hxg4
37.hxg4 f6 38.f3 Rh8 39.Ra5 Rc8+ 40.Rc5 Rh8 41.Rd5+ Kc7 42.Kd3 Rh1 43.Rc5+ Kb6
44.Ke4 Rb1 45.a5+ Kb7 46.Kf5 e4 47.fxe4 Rf1+ 48.Kg6 Rf4 49.e5 fxe5 50.Kxg5 Rxb4
51.Rxe5 Kc6 52.Kf5 Rc4 53.g5 Rc1 54.g6 Rf1+ 55.Ke6 Rg1 56.Kf6 Kd6 57.Re6+ Kd7
58.Rxa6 Rf1+ 59.Kg7 Ke7 60.Ra7+  1-0

[Event "Open"]
[Site "Bad Wildbad GER"]
[Date "2000.04.05"]
[Round "7"]
[White "Martinovic,S"]
[Black "Kalod,R"]
[Result "1-0"]
[WhiteElo "2448"]
[BlackElo "2445"]

1.Nf3 c5 2.e4 d6 3.Bb5+ Nc6 4.O-O Bd7 5.Re1 a6 6.Bf1 Nf6 7.h3 e6 8.c3 Rc8
9.d3 Be7 10.Nbd2 O-O 11.a3 e5 12.b4 d5 13.exd5 Nxd5 14.Bb2 Be6 15.Nb3 cxb4
16.cxb4 f6 17.d4 Nc7 18.Bd3 Bd6 19.Qc2 Kh8 20.Nc5 Bxc5 21.dxc5 Bd5 22.Bxh7 Bxf3
23.gxf3 Ne6 24.Bf5 Ng5 25.Kg2 Qd5 26.Qe2 Rcd8 27.Rad1 Nd4 28.Bxd4 exd4 29.Qd3 g6
30.h4 gxf5 31.hxg5 fxg5 32.Re7 Rf7 33.Qe2 Kg7 34.Re5 Qd7 35.Qd2 Kg6 36.Rde1 Rdf8
37.Qa2 Kf6 38.Re7 Qd8 39.Rxb7 g4 40.Ree7 Kg7 41.Rbd7  1-0

[Event "Open"]
[Site "Bad Wildbad GER"]
[Date "2000.04.06"]
[Round "8"]
[White "Ristic,Nen"]
[Black "Djeno,M"]
[Result "1-0"]
[WhiteElo "2435"]
[BlackElo "2192"]

1.e4 c5 2.Nf3 d6 3.Bb5+ Bd7 4.Bxd7+ Qxd7 5.O-O Nc6 6.c3 Nf6 7.d4 Nxe4 8.d5 Nd8
9.Re1 f5 10.Nbd2 Nxd2 11.Bxd2 Nf7 12.b4 O-O-O 13.bxc5 dxc5 14.c4 Re8 15.Qe2 g6
16.Ne5 Nxe5 17.Qxe5 Rg8 18.Bf4 Kd8 19.Qb8+ Qc8 20.Qxa7 Bg7 21.Rab1  1-0

[Event "Grand Prix Rapidplay"]
[Site "Bordeaux FRA"]
[Date "2000.04.07"]
[Round "2.2"]
[White "Tkachiev,V"]
[Black "Fressinet,L"]
[Result "1-0"]
[WhiteElo "2670"]
[BlackElo "2501"]

1.e4 c5 2.Nf3 d6 3.Bb5+ Bd7 4.Bxd7+ Qxd7 5.O-O Nf6 6.Qe2 Nc6 7.Rd1 g6 8.c3 Bg7
9.d4 cxd4 10.cxd4 d5 11.e5 Ne4 12.Ne1 h6 13.Nc3 Nxc3 14.bxc3 O-O 15.Nd3 b6
16.Nf4 Rac8 17.e6 Qd6 18.Qg4 g5 19.exf7+ Kxf7 20.Qf5+ Kg8 21.Qxd5+ Qxd5 22.Nxd5 e6
23.Ne3 b5 24.Ba3 Rfd8 25.Bc5 b4 26.cxb4 Nxd4 27.Kf1 a6 28.Rac1 Rb8 29.Rd3 Nb5
30.Rxd8+ Rxd8 31.Rd1 Rc8 32.Nc4 Nc3 33.Nb6 Rc7 34.Rd8+ Kh7 35.a4 Ne4 36.Rd7 Rxd7
37.Nxd7 Kg6 38.Be3 Nc3 39.a5 Nd5 40.Bd2 Kf7 41.Nb8 Nc7 42.Be3 Ke7 43.Bb6 Kd6
44.Bxc7+ Kxc7 45.Nxa6+ Kc6 46.Ke2 Bd4 47.f3 Kb5 48.Nc7+ Kxb4 49.Nxe6 Bg1
50.a6 Ka5 51.h3 Kxa6 52.Kd3 Kb6 53.Ke4 Kc6 54.Kf5 Kd6 55.Ng7 Ke7 56.Kg6 Be3
57.Nf5+ Ke6 58.Nxh6 Ke7 59.Nf7 Kf8 60.Nxg5 Kg8 61.h4 Bf2 62.h5 Bd4 63.h6  1-0

[Event "Open"]
[Site "Dos Hermanas ESP"]
[Date "2000.04.08"]
[Round "2"]
[White "Barrero Garcia,C"]
[Black "Lalic,B"]
[Result "1/2-1/2"]
[WhiteElo "2300"]
[BlackElo "2548"]

1.e4 c5 2.Nf3 d6 3.Bb5+ Nd7 4.O-O Nf6 5.Re1 e5 6.c3 Be7 7.d4 O-O 8.Nbd2 Qc7
9.Bf1 Re8 10.Nc4 h6 11.b4 cxd4 12.cxd4 d5 13.exd5 e4 14.Nfe5 Bxb4 15.Bd2 Bxd2
16.d6 Qd8 17.Qxd2 Nb6  1/2-1/2

[Event "FSIMA April"]
[Site "Budapest HUN"]
[Date "2000.04.09"]
[Round "9"]
[White "Maki Uuro,Mi"]
[Black "Alfred,N"]
[Result "0-1"]
[WhiteElo "2341"]
[BlackElo "2200"]

1.e4 c5 2.Nf3 d6 3.Bb5+ Bd7 4.Bxd7+ Nxd7 5.O-O g6 6.c3 Ngf6 7.Qe2 Bg7 8.d4 cxd4
9.cxd4 e5 10.dxe5 dxe5 11.Rd1 Qe7 12.b3 O-O 13.Ba3 Nc5 14.Nc3 Rfd8 15.Na4 b6
16.Nxc5 bxc5 17.Rxd8+ Rxd8 18.Rc1 Qb7 19.Rc4 Qa6 20.Bxc5 Qxa2 21.Qf1 Qxb3
22.Rc1 Nxe4 23.Bxa7 Nc3 24.Be3 Rd1 25.Rxd1 Qxd1 26.Qxd1 Nxd1 27.Bd2 Nb2 28.Bc3 Nc4
29.Nd2 Nd6 30.Kf1 f6 31.Bb4 Bf8 32.Bxd6 Bxd6 33.Ke2 Kf7 34.h3 Ke6 35.f3 h6
36.Nf1 f5 37.Nd2 Bb4 38.Nf1 f4 39.Kd3 Kf5 40.Nh2 h5 41.Nf1 Be1 42.Ke2 Ba5
43.Kd3 g5 44.Nh2 Be1 45.Ke2 Bg3 46.Nf1 e4 47.fxe4+ Kxe4 48.Nxg3+ fxg3 49.Kf1 Ke3
50.Kg1 Ke2 51.Kh1 Kf1 52.h4 Kf2  0-1

[Event "Bundesliga 1999-2000"]
[Site "Neukoelln GER"]
[Date "2000.04.09"]
[Round "15"]
[White "Brynell,S"]
[Black "Dinstuhl,V"]
[Result "1/2-1/2"]
[WhiteElo "2494"]
[BlackElo "2406"]

1.e4 c5 2.Nf3 d6 3.Bb5+ Nd7 4.d4 Nf6 5.Nc3 a6 6.Bxd7+ Nxd7 7.O-O cxd4 8.Qxd4 e6
9.Re1 Qc7 10.Be3 Ne5 11.Na4 Bd7 12.Nb6 Rd8 13.Nxd7 Nxd7 14.Rad1 Nf6 15.e5 dxe5
16.Qxd8+ Qxd8 17.Rxd8+ Kxd8 18.Nxe5 Ke8 19.c4 Bd6 20.Bf4 Rg8 21.Rd1 Be7 22.Rd3 Ne4
23.Be3 f6 24.Nf3 Kf7 25.Bb6 Rc8 26.b3 Rc6 27.Be3 b5 28.cxb5 axb5 29.Nd4 Ra6
30.f3 Nd6 31.Rd2 e5 32.Ne2 Ke6 33.Rc2 Nf5 34.Bf2 h5 35.Kf1 h4 36.g4 hxg3
37.hxg3 Bd6 38.Nc1 Ne7 39.Nd3 Nd5 40.Bc5 Rc6 41.Rc1 f5 42.Bxd6 Rxc1+ 43.Nxc1 Kxd6
44.a4 bxa4 45.bxa4 Kc5 46.Kf2 Kc4 47.a5 Kb5 48.Nd3 e4  1/2-1/2